[Event "Kemerovo Region-ch"]
[Site "Kemerovo"]
[Date "2013.10.20"]
[Round "4"]
[White "Surunov, Arseniy"]
[Black "Lykov, Vasili"]
[Result "0-1"]
[WhiteElo "1694"]
[BlackElo "2065"]
[PlyCount "34"]
[EventDate "2013.10.18"]
[EventType "swiss"]
[EventRounds "9"]
[EventCountry "RUS"]
[SourceTitle "EXT 2014"]
[Source "ChessBase"]
[SourceDate "2013.11.20"]
[SourceVersion "1"]
[SourceVersionDate "2013.11.20"]
[SourceQuality "1"]

1. b3 e5 2. Bb2 Nc6 3. e3 Nf6 4. Bb5 d6 5. Ne2 Bd7 6. Bxc6 Bxc6 7. 0-0 Be7 8. c4 0-0 9. Ng3 g6 10. f4 exf4 11. exf4 d5 12. Na3 Ne4 13. f5 Nxg3 14. hxg3 dxc4 15. f6 Bc5+ 16. Kh1 Qd5 17. Rf3 Qh5# 0-1

[Event "Novokuznetsk Siberia-ch"]
[Site "Novokuznetsk"]
[Date "2013.03.29"]
[Round "9"]
[White "Spirin, Alexandr"]
[Black "Lykov, Vasili"]
[Result "1-0"]
[WhiteElo "1950"]
[BlackElo "2113"]
[PlyCount "199"]
[EventDate "2013.03.21"]
[EventType "swiss"]
[EventRounds "9"]
[EventCountry "RUS"]
[SourceTitle "CBM 153 Extra"]
[Source "ChessBase"]
[SourceDate "2013.04.22"]
[SourceVersion "1"]
[SourceVersionDate "2013.04.22"]
[SourceQuality "1"]

1. Nf3 d5 2. b3 e6 3. Bb2 c5 4. e3 Nc6 5. Bb5 Bd7 6. 0-0 Nf6 7. d3 Be7 8. Nbd2 0-0 9. Bxc6 Bxc6 10. Ne5 Rc8 11. f4 Be8 12. Rf3 Nd7 13. Rh3 f6 14. Nxd7 Qxd7 15. Qg4 Bg6 16. Qf3 b5 17. Nf1 c4 18. e4 c3 19. Bc1 d4 20. g4 f5 21. Ng3 Qc6 22. a4 b4 23. Kg2 a5 24. Kf2 Bc5 25. Ke2 Rce8 26. Kf2 Rd8 27. Kg2 Rd7 28. Rb1 Rdf7 29. Ra1 Bd6 30. gxf5 exf5 31. e5 Qxf3+ 32. Kxf3 Bc5 33. Nh1 Re7 34. Nf2 Be8 35. Rg3 Bc6+ 36. Ke2 Re6 37. Nh3 Rh6 38. Kf1 Re8 39. Kg1 Ree6 40. Ng5 Reg6 41. h3 Bd5 42. Kh2 Kf8 43. Nxh7+ Ke7 44. Ng5 Bb6 45. Rg1 Kd7 46. Kg3 Rh5 47. Re1 Ke7 48. Re2 Bc7 49. Ra2 Rgh6 50. Rh2 Kd7 51. h4 Bd8 52. Ra1 Rh8 53. Rb1 Kc6 54. Ra1 Kc5 55. Rb1 Re8 56. Re2 g6 57. Ra1 Bf6 58. Rb1 Bd8 59. Ra1 Kc6 60. Rb1 Kd7 61. Ra1 Ke7 62. Rb1 Reh8 63. Rh2 Bc7 64. Ra1 Rb8 65. Re2 Rhh8 66. Rb1 Rb6 67. Ra1 Kd7 68. Rb1 Bc6 69. Ra1 Bd8 70. Rb1 Be7 71. Ra1 Rf8 72. Rb1 Rc8 73. Ra1 Rcb8 74. Rb1 Kc7 75. Ne6+ Kd7 76. Nxd4 Rh8 77. Rh2 Bc5 78. Nf3 Rbb8 79. Ng5 Rh5 80. e6+ Ke7 81. Nf7 Bd5 82. Re2 Bxe6 83. Ng5 Rb6 84. Be3 Bxe3 85. Rxe3 Kf6 86. Rbe1 Bg8 87. Re5 Rd6 88. Rxa5 Rh8 89. Ra8 Rd7 90. Rb8 Bxb3 91. Rxh8 Bxa4 92. Re6+ Kg7 93. Rh7+ Kf8 94. Rxd7 Bxd7 95. Rb6 Ba4 96. Rxb4 Bxc2 97. d4 Bd3 98. Rb8+ Ke7 99. Rc8 c2 100. Kf2 1-0

[Event "Novokuznetsk Siberia-ch"]
[Site "Novokuznetsk"]
[Date "2013.03.26"]
[Round "6"]
[White "Lykov, Vasili"]
[Black "Snetkov, Ivan"]
[Result "1-0"]
[WhiteElo "2113"]
[BlackElo "1941"]
[PlyCount "59"]
[EventDate "2013.03.21"]
[EventType "swiss"]
[EventRounds "9"]
[EventCountry "RUS"]
[SourceTitle "CBM 153 Extra"]
[Source "ChessBase"]
[SourceDate "2013.04.22"]
[SourceVersion "1"]
[SourceVersionDate "2013.04.22"]
[SourceQuality "1"]

1. e4 c5 2. c3 Nf6 3. e5 Nd5 4. d4 cxd4 5. Nf3 e6 6. cxd4 d6 7. Nc3 Nxc3 8. bxc3 Qc7 9. Bd2 Bd7 10. Bd3 Bc6 11. 0-0 Nd7 12. Ng5 dxe5 13. f4 exd4 14. f5 Bc5 15. fxe6 dxc3+ 16. Kh1 cxd2 17. exf7+ Ke7 18. Qxd2 Ne5 19. Rae1 Bd6 20. Qf4 Bd5 21. Qh4 Qc6 22. Nf3+ Kf8 23. Nxe5 Bxe5 24. Rxe5 Bxg2+ 25. Kg1 Qd6 26. Rfe1 Bc6 27. Bc4 Qg6+ 28. Rg5 Qf6 29. Bb3 Qf3 30. Qb4# 1-0

[Event "Novokuznetsk Siberia-ch"]
[Site "Novokuznetsk"]
[Date "2013.03.24"]
[Round "4"]
[White "Bochkarev, Semen"]
[Black "Lykov, Vasili"]
[Result "0-1"]
[WhiteElo "1975"]
[BlackElo "2113"]
[PlyCount "68"]
[EventDate "2013.03.21"]
[EventType "swiss"]
[EventRounds "9"]
[EventCountry "RUS"]
[SourceTitle "CBM 153 Extra"]
[Source "ChessBase"]
[SourceDate "2013.04.22"]
[SourceVersion "1"]
[SourceVersionDate "2013.04.22"]
[SourceQuality "1"]

1. e4 e5 2. Nf3 Nc6 3. Bc4 Nf6 4. d4 exd4 5. 0-0 Nxe4 6. Re1 d5 7. Bxd5 Qxd5 8. Nc3 Qa5 9. Nxe4 Be6 10. Neg5 0-0-0 11. Nxe6 fxe6 12. Rxe6 Bd6 13. Qe2 h6 14. Bd2 Qh5 15. h3 Qf5 16. Re4 g5 17. Re1 Rhg8 18. Nh2 Bf4 19. Bxf4 gxf4 20. Qf3 Rdf8 21. Ng4 Qg6 22. Re6 Qxc2 23. Nf6 Rxf6 24. Rxf6 d3 25. Qd1 Nd4 26. Rf7 f3 27. g3 Rd8 28. Rfe7 Ne2+ 29. Kf1 Nxg3+ 30. Kg1 Ne2+ 31. Kf1 Rg8 32. R1xe2 fxe2+ 33. Rxe2 Rg1+ 34. Kxg1 Qxd1+ 0-1

[Event "Novokuznetsk op"]
[Site "Novokuznetsk"]
[Date "2011.08.19"]
[Round "9"]
[White "Nepomniaschy, Igor"]
[Black "Lykov, Vasili"]
[Result "0-1"]
[WhiteElo "1946"]
[BlackElo "2120"]
[PlyCount "78"]
[EventDate "2011.08.11"]
[EventType "swiss"]
[EventRounds "9"]
[EventCountry "RUS"]
[SourceTitle "CBM 144 Extra"]
[Source "ChessBase"]
[SourceDate "2011.10.28"]
[SourceVersion "1"]
[SourceVersionDate "2011.10.28"]
[SourceQuality "1"]

1. f4 e5 2. e4 Bc5 3. Nf3 d6 4. Nc3 Nf6 5. Bc4 Nc6 6. d3 a6 7. f5 Na5 8. Bg5 Nxc4 9. dxc4 c6 10. Qd3 b5 11. 0-0-0 Qa5 12. Kb1 b4 13. Ne2 Ng4 14. Rhf1 f6 15. Bc1 Qc7 16. h3 Nf2 17. Rxf2 Bxf2 18. g4 Bc5 19. c3 a5 20. Ng3 Ba6 21. cxb4 axb4 22. b3 h6 23. h4 0-0-0 24. Qc2 Bb7 25. Bb2 Rd7 26. Rc1 Qb6 27. Qe2 Kb8 28. Rd1 Rhd8 29. g5 hxg5 30. hxg5 d5 31. gxf6 gxf6 32. Nh5 dxe4 33. Rxd7 exf3 34. Rxd8+ Qxd8 35. Qxf3 Be7 36. Qe2 c5 37. Ng3 Qh8 38. a4 Qh4 39. Ka2 Qxg3 0-1

[Event "Novokuznetsk op"]
[Site "Novokuznetsk"]
[Date "2011.08.11"]
[Round "1"]
[White "Belozerov, Andrei"]
[Black "Lykov, Vasili"]
[Result "1-0"]
[WhiteElo "2501"]
[BlackElo "2120"]
[PlyCount "81"]
[EventDate "2011.08.11"]
[EventType "swiss"]
[EventRounds "9"]
[EventCountry "RUS"]
[SourceTitle "CBM 144 Extra"]
[Source "ChessBase"]
[SourceDate "2011.10.28"]
[SourceVersion "1"]
[SourceVersionDate "2011.10.28"]
[SourceQuality "1"]

1. d4 d5 2. c4 e6 3. Nf3 Nf6 4. g3 Nbd7 5. Bg2 c5 6. 0-0 Be7 7. cxd5 exd5 8. Nc3 0-0 9. b3 cxd4 10. Qxd4 Bc5 11. Qd3 Nb6 12. Bb2 Be6 13. Rad1 Qe7 14. e4 Rfd8 15. e5 Ne8 16. Nd4 Nc7 17. h3 a6 18. Kh2 Bd7 19. f4 Bb5 20. Ncxb5 axb5 21. Nf5 Qf8 22. Bd4 Nd7 23. Rf2 g6 24. Ne3 Bxd4 25. Qxd4 Ne6 26. Qd3 d4 27. Nd5 b4 28. Qb5 Qc5 29. Qxb4 d3 30. Qxc5 Ndxc5 31. b4 Na6 32. Rxd3 Kg7 33. Rfd2 Rd7 34. a3 Rad8 35. Be4 b5 36. Nc3 Nd4 37. Kg2 Nb8 38. Kf2 f6 39. exf6+ Kxf6 40. Nd5+ Rxd5 41. Bxd5 1-0

[Event "Sibiria Region-ch"]
[Site "Barnaul"]
[Date "2011.05.23"]
[Round "4"]
[White "Piskunov, Alexandr"]
[Black "Lykov, Vasili"]
[Result "1-0"]
[WhiteElo "2270"]
[BlackElo "2136"]
[PlyCount "137"]
[EventDate "2011.05.20"]
[EventType "swiss"]
[EventRounds "9"]
[EventCountry "RUS"]
[SourceTitle "EXT 2012"]
[Source "ChessBase"]
[SourceDate "2011.11.24"]
[SourceVersion "1"]
[SourceVersionDate "2011.11.24"]
[SourceQuality "1"]

1. e4 e5 2. Nf3 Nc6 3. Be2 Nf6 4. d3 Be7 5. 0-0 d6 6. c3 h6 7. Re1 g5 8. b4 a6 9. Bb2 g4 10. Nfd2 Rg8 11. Nf1 h5 12. Nbd2 h4 13. Nc4 Be6 14. Nce3 Qd7 15. a4 0-0-0 16. b5 Nb8 17. c4 a5 18. b6 c5 19. Qb3 Nh5 20. g3 Nc6 21. Qb5 hxg3 22. fxg3 Bg5 23. Bc3 f5 24. exf5 Bxf5 25. Bxa5 Nf4 26. gxf4 exf4 27. Nd5 Bh4 28. Nxf4 Bxe1 29. Bxe1 Qg7 30. Nd5 Qd4+ 31. Kg2 Bxd3 32. Bxd3 Qxa1 33. Qb1 Qxa4 34. Nfe3 Kb8 35. Bc2 Qa3 36. Qb3 Qxb3 37. Bxb3 Ne5 38. Bh4 Rde8 39. Bd1 Re6 40. Bg3 Rg5 41. Bf4 Rh5 42. Be2 Rg6 43. Bg3 Rh8 44. Nf5 Re8 45. Nc7 Rd8 46. Nxd6 Rdxd6 47. Bxe5 Rd2 48. Kf2 Kc8 49. Ke3 Ra2 50. Nd5 Kd7 51. Bxg4+ Rxg4 52. Nf6+ Ke6 53. Nxg4 Kf5 54. h3 Ra3+ 55. Ke2 Ke4 56. Bf6 Ra2+ 57. Kd1 Ra4 58. h4 Kf5 59. h5 Ra3 60. Bb2 Rh3 61. Nf6 Rh4 62. Ne8 Ke4 63. Kc2 Ke3 64. Nd6 Rxh5 65. Kb3 Rh7 66. Ka4 Rd7 67. Be5 Kf3 68. Kb5 Re7 69. Nxb7 1-0

[Event "Kuzbass-ch"]
[Site "Kemerovo"]
[Date "2010.10.27"]
[Round "6"]
[White "Lykov, Vasili"]
[Black "Grishenko, Vladimir"]
[Result "0-1"]
[WhiteElo "2134"]
[BlackElo "2222"]
[PlyCount "86"]
[EventDate "2010.10.23"]
[EventType "swiss"]
[EventRounds "9"]
[EventCountry "RUS"]
[SourceTitle "EXT 2011"]
[Source "ChessBase"]
[SourceDate "2010.11.26"]
[SourceVersion "1"]
[SourceVersionDate "2010.11.26"]
[SourceQuality "1"]

1. e4 c5 2. c3 d5 3. exd5 Qxd5 4. d4 Nf6 5. Nf3 e6 6. Be2 Nc6 7. Na3 Qd8 8. 0-0 cxd4 9. Nxd4 Nxd4 10. cxd4 Be7 11. Bf4 Nd5 12. Be5 0-0 13. Nb5 Bd7 14. Nc3 Bc6 15. Rc1 Rc8 16. Bd3 g6 17. Qe2 Nxc3 18. bxc3 Bg5 19. Rb1 Bf6 20. Bxf6 Qxf6 21. Rfd1 Rfd8 22. h3 Rc7 23. Rbc1 Ba4 24. Bc2 Bxc2 25. Rxc2 Rd5 26. Qe4 b5 27. Rd3 Rc4 28. Rf3 Qd8 29. a3 e5 30. Re2 Qd7 31. g4 Kg7 32. Qe3 Rc6 33. dxe5 Re6 34. Qf4 Qc7 35. Rfe3 Qc5 36. Qb4 Qb6 37. Kg2 Qc6 38. f3 Rc5 39. Kg3 Rc4 40. Qb2 g5 41. Qd2 h6 42. h4 gxh4+ 43. Kxh4 h5 0-1

[Event "Kuzbass-ch"]
[Site "Kemerovo"]
[Date "2010.10.25"]
[Round "4"]
[White "Zimin, Ivan"]
[Black "Lykov, Vasili"]
[Result "1-0"]
[WhiteElo "2099"]
[BlackElo "2134"]
[PlyCount "99"]
[EventDate "2010.10.23"]
[EventType "swiss"]
[EventRounds "9"]
[EventCountry "RUS"]
[SourceTitle "EXT 2011"]
[Source "ChessBase"]
[SourceDate "2010.11.26"]
[SourceVersion "1"]
[SourceVersionDate "2010.11.26"]
[SourceQuality "1"]

1. c4 d6 2. Nc3 e5 3. g3 c6 4. Bg2 Be6 5. d3 Be7 6. Nf3 f5 7. c5 h6 8. cxd6 Qxd6 9. d4 Nd7 10. dxe5 Qxd1+ 11. Nxd1 Bd5 12. 0-0 Bxf3 13. Bxf3 Nxe5 14. Bg2 Nf6 15. Bd2 0-0 16. Bc3 Ng6 17. Ne3 f4 18. Nf5 Bc5 19. Rad1 Rae8 20. Bf3 fxg3 21. hxg3 Ne5 22. Kg2 Nxf3 23. exf3 Re2 24. Rde1 Rfe8 25. Rxe2 Rxe2 26. Nxh6+ Kf8 27. Nf5 Kf7 28. Nd4 Bxd4 29. Bxd4 Nd5 30. Rh1 Rd2 31. Rh4 b6 32. Re4 c5 33. Be5 Nb4 34. Bc3 Rc2 35. Bxb4 cxb4 36. Rxb4 Ke6 37. a4 Kd6 38. f4 Kc6 39. Kf3 a6 40. Rb3 Kc5 41. f5 Rd2 42. Ke3 Rd6 43. g4 Kc4 44. Rc3+ Kb4 45. Rd3 Rc6 46. b3 g6 47. fxg6 Rxg6 48. Kf4 Rg8 49. g5 Rf8+ 50. Kg3 1-0

[Event "Kuzbass-ch"]
[Site "Kemerovo"]
[Date "2010.10.24"]
[Round "2"]
[White "Denisov, Lev"]
[Black "Lykov, Vasili"]
[Result "1/2-1/2"]
[WhiteElo "2342"]
[BlackElo "2134"]
[PlyCount "37"]
[EventDate "2010.10.23"]
[EventType "swiss"]
[EventRounds "9"]
[EventCountry "RUS"]
[SourceTitle "EXT 2011"]
[Source "ChessBase"]
[SourceDate "2010.11.26"]
[SourceVersion "1"]
[SourceVersionDate "2010.11.26"]
[SourceQuality "1"]

1. c4 e5 2. Nc3 Nf6 3. Nf3 Nc6 4. g3 d5 5. cxd5 Nxd5 6. Bg2 Nb6 7. 0-0 Be7 8. d3 0-0 9. a3 Be6 10. Bd2 f6 11. Rc1 Nd4 12. Nxd4 exd4 13. Na4 Nxa4 14. Qxa4 c6 15. Rfe1 Rf7 16. Ba5 Qd7 17. Bb6 Bd5 18. Bf1 Be6 19. Bg2 1/2-1/2

[Event "Kuzbass-ch"]
[Site "Kemerovo"]
[Date "2010.10.23"]
[Round "1"]
[White "Lykov, Vasili"]
[Black "Lapenko, Andrey"]
[Result "1-0"]
[WhiteElo "2134"]
[BlackElo "1678"]
[PlyCount "85"]
[EventDate "2010.10.23"]
[EventType "swiss"]
[EventRounds "9"]
[EventCountry "RUS"]
[SourceTitle "EXT 2011"]
[Source "ChessBase"]
[SourceDate "2010.11.26"]
[SourceVersion "1"]
[SourceVersionDate "2010.11.26"]
[SourceQuality "1"]

1. e4 c6 2. d4 d5 3. e5 Bf5 4. Nc3 e6 5. g4 Bg6 6. Nge2 Bb4 7. h4 h6 8. Nf4 Bxc3+ 9. bxc3 Bh7 10. Nh5 Qa5 11. Bd2 Qa4 12. Bd3 Bxd3 13. cxd3 Qxd1+ 14. Rxd1 g6 15. Ng3 Nd7 16. f4 Ne7 17. h5 0-0-0 18. hxg6 fxg6 19. Ke2 c5 20. dxc5 Nxc5 21. Be3 Na4 22. Kd2 Nc6 23. Ne2 Kb8 24. Rh3 h5 25. Rdh1 Ne7 26. Nd4 Rc8 27. gxh5 gxh5 28. Nxe6 Nxc3 29. Bc5 Rxc5 30. Nxc5 Rc8 31. d4 Nxa2 32. Rxh5 b6 33. Nd3 Nc6 34. Ke3 Nc3 35. e6 Ne7 36. f5 Ne4 37. Kf4 Kb7 38. Rh7 Rc7 39. Nb4 Nf6 40. Rf7 Neg8 41. Rg1 a5 42. Rxg8 Nxg8 43. Nxd5 1-0

[Event "Sibiria Region-ch"]
[Site "Irkutsk"]
[Date "2010.05.22"]
[Round "9"]
[White "Lykov, Vasili"]
[Black "Sagdeev, Rinel"]
[Result "1-0"]
[WhiteElo "2141"]
[BlackElo "2018"]
[PlyCount "63"]
[EventDate "2010.05.15"]
[EventType "swiss"]
[EventRounds "9"]
[EventCountry "RUS"]
[SourceTitle "CBM 136 Extra"]
[Source "ChessBase"]
[SourceDate "2010.07.02"]
[SourceVersion "2"]
[SourceVersionDate "2010.07.15"]
[SourceQuality "1"]

1. e4 c6 2. d4 d5 3. e5 Bf5 4. Nc3 h5 5. Be3 e6 6. Nf3 Nh6 7. h3 Be7 8. Qd2 Bg6 9. Be2 Nf5 10. 0-0 0-0 11. Na4 Nd7 12. b3 Nxe3 13. fxe3 f6 14. exf6 Bxf6 15. c4 Qe7 16. Nc3 Rad8 17. Rae1 Kh8 18. Bd3 Bxd3 19. Qxd3 dxc4 20. bxc4 e5 21. Qg6 Qe8 22. Qb1 b6 23. Ne4 Qg6 24. Nxf6 Rxf6 25. dxe5 Qxb1 26. Rxb1 Re6 27. Ng5 Re7 28. e6 Rde8 29. exd7 Rxd7 30. Rbd1 Rde7 31. e4 g6 32. Rd6 1-0

[Event "Sibiria Region-ch"]
[Site "Irkutsk"]
[Date "2010.05.17"]
[Round "4"]
[White "Lykov, Vasili"]
[Black "Siuniakov, Igor"]
[Result "1/2-1/2"]
[WhiteElo "2141"]
[BlackElo "2297"]
[PlyCount "30"]
[EventDate "2010.05.15"]
[EventType "swiss"]
[EventRounds "9"]
[EventCountry "RUS"]
[SourceTitle "CBM 136 Extra"]
[Source "ChessBase"]
[SourceDate "2010.07.02"]
[SourceVersion "2"]
[SourceVersionDate "2010.07.15"]
[SourceQuality "1"]

1. e4 e5 2. Nf3 Nc6 3. Bc4 Nf6 4. Ng5 Bc5 5. Nxf7 Bxf2+ 6. Kxf2 Nxe4+ 7. Kg1 Qh4 8. g3 Nxg3 9. hxg3 Qxg3+ 10. Kf1 Nd4 11. Qh5 g6 12. Qh2 Qf3+ 13. Kg1 Qd1+ 14. Kg2 Qf3+ 15. Kg1 Qd1+ 1/2-1/2